DNA fingerprinting in plants: Principles, methods,and applications (Record no. 1209645)

MARC details
000 -LEADER
fixed length control field 01232nam a2200337Ia 4500
003 - CONTROL NUMBER IDENTIFIER
control field OSt
005 - DATE AND TIME OF LATEST TRANSACTION
control field 20221007122006.0
008 - FIXED-LENGTH DATA ELEMENTS--GENERAL INFORMATION
fixed length control field 221006b |||||||| |||| 00| 0 eng d
020 ## - INTERNATIONAL STANDARD BOOK NUMBER
International Standard Book Number 0849314887 (pbk)
037 ## - SOURCE OF ACQUISITION
Terms of availability Textual
040 ## - CATALOGING SOURCE
Original cataloging agency BDL
Transcribing agency BDL
Language of cataloging eng
041 ## - LANGUAGE CODE
Source of code eng
Language code of text/sound track or separate title eng
100 ## - MAIN ENTRY--PERSONAL NAME
Personal name Weising Kurt
9 (RLIN) 418493
245 #0 - TITLE STATEMENT
Title DNA fingerprinting in plants: Principles, methods,and applications
Remainder of title Nybom Hilde Wolff Kirsten Kahl Gunter
250 ## - EDITION STATEMENT
Edition statement 2
260 ## - PUBLICATION, DISTRIBUTION, ETC.
Place of publication, distribution, etc. Boca
Name of publisher, distributor, etc. Raton Taylor & Francis
Date of publication, distribution, etc. 2005
300 ## - PHYSICAL DESCRIPTION
Extent 444p.
Dimensions cm.
500 ## - GENERAL NOTE
General note Appendix 1-4, 311-338p.; Bibliographical references 339-426p.; Index 427-444p.
650 ## - SUBJECT ADDED ENTRY--TOPICAL TERM
Topical term or geographic name entry element DNA fingerprinting of plants
9 (RLIN) 713272
650 ## - SUBJECT ADDED ENTRY--TOPICAL TERM
Topical term or geographic name entry element Fingerprinting-Plants
9 (RLIN) 713273
650 ## - SUBJECT ADDED ENTRY--TOPICAL TERM
Topical term or geographic name entry element Botany
700 ## - ADDED ENTRY--PERSONAL NAME
Personal name Kahl Gunter
9 (RLIN) 451296
700 ## - ADDED ENTRY--PERSONAL NAME
Personal name Nybom Hilde
9 (RLIN) 418494
700 ## - ADDED ENTRY--PERSONAL NAME
Personal name Wolff Kirsten
9 (RLIN) 418495
942 ## - ADDED ENTRY ELEMENTS (KOHA)
Classification part I:12-6, P5 Carb
Koha item type Textual
Source of classification or shelving scheme Colon Classification (CC)
Holdings
Withdrawn status Lost status Source of classification or shelving scheme Damaged status Not for loan Home library Current library Date acquired Source of acquisition Total Checkouts Full call number Barcode Date last seen Price effective from Koha item type
    Colon Classification (CC)     Department of Botany Library Department of Botany Library 2022-10-07 898, 21/12/2005, Zenith Publishers & Distributors   I:12-6 P5 Carb BD0005083 2022-10-07 2022-10-07 Textual
Copyright @ Delhi University Library System